Manual de construcción en acero : diseño por esfuerzos permisibles /

Contenido: Disponibilidad de aceros estructurales en perfiles, placas y barras; Principales productores nacionales de acero estructural; Disponibilidad de tipos de tubos de acero; Tablas de dimensiones y propiedades de perfiles; Diseño elástico; Diseño plástico; Código de prácticas generales.

保存先:
書誌詳細
団体著者: Instituto Mexicano de la Construcción en Acero
フォーマット: 図書
言語:スペイン語
出版事項: México : Instituto Mexicano de la Construcción en Acero : Limusa, 2010, c2010
版:4a edición
主題:
タグ: タグ追加
タグなし, このレコードへの初めてのタグを付けませんか!

MARC

LEADER 00000nam^a2200000^a^4500
001 000186018
005 20250521000000.0
009 20260310102212.422
020 |a 978-968-18-6116-2 
037 |a Acervo ITESO - Biblioteca 
041 |a ESP 
082 |a 624. 1821  |b INS V. 1 
110 |a Instituto Mexicano de la Construcción en Acero 
245 1 0 |a Manual de construcción en acero :  |b diseño por esfuerzos permisibles /  |c Instituto Mexicano de la Construcción en Acero. 
250 |a 4a edición 
264 4 |a México :  |b Instituto Mexicano de la Construcción en Acero :  |b Limusa,  |c 2010, c2010 
300 |a 491 p. 
336 |a texto  |b txt  |2 rdacontenido 
337 |a sin mediación  |b n  |2 rdamedio 
338 |a volumen  |b nc  |2 rdasoporte 
520 |a Contenido: Disponibilidad de aceros estructurales en perfiles, placas y barras; Principales productores nacionales de acero estructural; Disponibilidad de tipos de tubos de acero; Tablas de dimensiones y propiedades de perfiles; Diseño elástico; Diseño plástico; Código de prácticas generales. 
649 |a XX 
650 |a Estructuras de Acero 
650 |a Estructuras de Acero -  |x Medición 
650 |a Acero -  |z México -  |x Industria y Comercio 
650 |a Materiales de Construcción 
650 |a Resistencia de Materiales 
650 |a Diseño Estructural 
650 |a Estructuras 
650 |a Construcción 
650 |a Ingeniería Civil 
910 |a Fondo Julio de la Peña Lomelín 
920 |a Impresos - Libros 
930 |a Arquitectos Jaliscienses 
905 |a 115 
901 |a 0500097275  |b IT1  |c JAL  |i D54490  |u 20250521 
902 |a https://opac.biblio.iteso.mx/vufind/Record/000186018